| 000 | 00683nac a22001931u 4500 | ||
|---|---|---|---|
| 010 | _a 94018528 | ||
| 020 | _a0256160198 | ||
| 082 | 0 | 0 |
_a336.73 _bR8131 |
| 090 |
_c4245 _d4245 |
||
| 100 | _aRosen, Harvey S. | ||
| 245 | 1 | 0 |
_aPublic finance / _cHarvey S. Rosen. |
| 250 | _a4th ed. | ||
| 260 |
_aChicago : _bIrwin, _cc1995. |
||
| 300 |
_axxx, 623 p. : _bill. (some col.) ; _c25 cm. |
||
| 504 | _aIncludes bibliographical references (p. 585-606) and indexes. | ||
| 650 | 0 |
_aFinance, Public _zUnited States. |
|
| 942 |
_cBB _k336.73R8131 |
||
| 999 |
_c4245 _d4245 |
||